000 00643cam a22002293a 4500
001 44314
003 PGUSA
005 20140828084018.0
008 131130s2013||||xxu|||||s|||||000 | eng d
040 _aPGUSA
_beng
042 _adc
100 1 _aGilliat-Smith, Ernest
245 1 4 _aThe Story of Brussels
_h[electronic resource] /
_cErnest Gilliat-Smith
260 _bProject Gutenberg,
_c2013
506 _aPublic domain in the USA.
516 _aElectronic text
700 1 _aGilliat-Smith, Guy
700 1 _aKimball, Katharine
830 0 _aProject Gutenberg
_v44314
856 4 0 _uhttp://www.gutenberg.org/ebooks/44314
942 _cEB
999 _c273565
_d273565